Normal view
MARC view
Entry Personal Name
001 - CONTROL NUMBER
- control field: 15399
003 - CONTROL NUMBER IDENTIFIER
- control field: HDC
005 - DATE AND TIME OF LATEST TRANSACTION
- control field: 20230624073445.0
008 - FIXED-LENGTH DATA ELEMENTS
- fixed length control field: 210217|| aca||aabn | a|a d
040 ## - CATALOGING SOURCE
- Original cataloging agency: HDC
- Transcribing agency: HDC
100 ## - HEADING--PERSONAL NAME
- Personal name: Nik Imran Abdullah
670 ## - SOURCE DATA FOUND
- Source citation: Work cat.: (HDC): Nik Imran Abdullah, author, ‘Nation leads in Islamic banking’ /, 2014
